| 000 | 00743nam a2200289Ia 4500 | ||
|---|---|---|---|
| 005 | 20260324112539.0 | ||
| 008 | 008 260324s9999 xx 000 0 eng d | ||
| 020 | _a9781003462231 | ||
| 037 | _aEBOOK | ||
| 040 | _aCRL | ||
| 040 | _beng | ||
| 040 | _cCRL | ||
| 041 | _2eng | ||
| 041 | _aeng | ||
| 084 | _qCRL | ||
| 100 |
_aBon-Gang Hwang; Jasmine Ngo; Hanjing Zhu _91143150 |
||
| 245 | 0 | _aManaging Projects with Smart Technologies | |
| 245 | 0 | _bDeveloping Technological Competency for Project Managers | |
| 260 | _bTaylor and Francis | ||
| 260 | _c2024 | ||
| 365 | _a | ||
| 365 | _b320 | ||
| 856 | _uhttp://www.taylorfrancis.com/books/9781003462231 | ||
| 942 | _cEBOOK | ||
| 999 |
_c1732400 _d1732400 |
||